American political thought (Бичлэгийн дугаар. 145768)
| 000 -УДИРДЛАГА | |
|---|---|
| Удирдлага | 01504nam a22002657a 4500 |
| 003 - ХЯНАЛТЫН ТОО ТОДОРХОЙЛОГЧ | |
| Код | MN-UlNUM |
| 005 - БИЧИЛТ ХИЙСЭН ОГНОО | |
| Тухайн бичилтийг бичсэн засварласан сүүлийн огноо | 20251127124023.0 |
| 008 - ЕРӨНХИЙ МЭДЭЭЛЭЛ | |
| Ерөнхий мэдээлэл | 251127s1996 nju b 000 0 eng |
| 020 ## - ISBN | |
| ISBN | 1566430186 |
| -- | 1566430180 |
| 040 ## - БИЧЛЭГ ҮҮСГЭГЧ БАЙГУУЛЛАГА | |
| Бичлэг үүсгэгч номын сангийн код | МУИС-ийн номын сан |
| 084 ## - ББК АНГИЛАЛ | |
| Нэмэлт тусгалт | Нэг сэдэвт бүтээл |
| ББК ангилал | 66.1(7) |
| Зохиогчийн гурван тэмдэгт | A 47 |
| Мэдлэгийн ялгаа | 66 - Улс төр |
| 245 00 - ҮНДСЭН ГАРЧИГ | |
| Номын нэр | American political thought |
| Оролцогчдын тухай мэдээ | Compiled by Kenneth M. Dolbeare |
| 250 ## - ДАХИН ХЭВЛЭЛТ | |
| Дахин гаралтын дугаар | 3rd edition |
| 260 ## - ГАРАЛТЫН МЭДЭЭ | |
| Хэвлэгдсэн газар | Chatham, N.J |
| Хэвлэлийн газар | Chatham House Publishers |
| Хэвлэгдсэн он | 1996 |
| 300 ## - МАТЕРИАЛЫН ТОДОРХОЙЛОЛТ | |
| хуудасны тоо | xv, 622 p. ; |
| Хэмжээ | 24 cm |
| 500 ## - Тайлбар | |
| Дансны дугаар | БС 4199 |
| 505 ## - Агуулгын тэмдэглэгээ | |
| Агуулгын тэмдэглэгээ | American Political Thought examines the ideas and philosophies of key American statesmen and thinkers from the founding era through the 20th century, showing how debates over liberty, democracy, federalism, equality, and the common good have shaped U.S. political life. The book highlights how foundational principles were interpreted and reinterpreted across historical crises—such as the Constitution’s framing, the Civil War, and the Great Depression—demonstrating the continuity and evolution of American political ideas. By combining historical context with philosophical analysis, it provides insight into how major figures like Jefferson, Hamilton, Lincoln, and Roosevelt influenced the development of American governance, law, and political culture. |
| 546 ## - ХЭЛНИЙ ТУХАЙ МЭДЭЭ | |
| Хэл | Англи хэл дээр, |
| 653 ## - Түлхүүр үг | |
| Түлхүүр үг | political science |
| 653 ## - Түлхүүр үг | |
| Түлхүүр үг | history |
| 700 ## - ХАМ ЗОХИОГЧИД | |
| Ба бус | Dolbeare, Kenneth M |
| 942 ## - ЭЛЕМЕНТИЙН ТӨРӨЛ | |
| Зүйлийн төрөл | Ном |
